| 000 | 00878nam a2200241 a 4500 | ||
|---|---|---|---|
| 005 | 19820422000000.0 | ||
| 008 | 820422s1980 ii bcfj 000 0 eng | ||
| 010 | _aENG-92329 | ||
| 020 |
_c400.00 _a9788188209255 |
||
| 035 | _aEN-75862 | ||
| 037 | _bDBAD / PUB | ||
| 040 |
_adpl _bEnglish |
||
| 082 | _a690 | ||
| 100 | _aBhopatkar, M.T. | ||
| 245 |
_aPractical building construction / _cby M.T. Bhopatkar [and] D.S. Shirole |
||
| 260 |
_bAnjali Prakashan _c2007 _aPune |
||
| 270 |
_aD Wing, Shop No. 10, Snehal Apartment, Next t Aanas High School, Dhairy Phata, _bPune _e411041 |
||
| 300 |
_a304p.: _c27cm (pbk) _bill. |
||
| 650 | _aBuilding. | ||
| 700 | _aShirole, D.S. | ||
| 942 |
_2ddc _cEN _mBHO _h690 |
||
| 999 |
_c20433 _d20433 |
||